Aik aor dastak : Dramy [Urdu] (Record no. 324321)
[ view plain ]
| 000 -LEADER | |
|---|---|
| fixed length control field | 00327 a2200133 4500 |
| 001 - CONTROL NUMBER | |
| control field | 89248 |
| 082 ## - DEWEY DECIMAL CLASSIFICATION NUMBER | |
| Classification number | 891.4392 ISH/ASH |
| 090 ## - LOCALLY ASSIGNED LC-TYPE CALL NUMBER (OCLC); LOCAL CALL NUMBER (RLIN) | |
| -- | 42199 |
| -- | 42199 |
| 100 ## - MAIN ENTRY--PERSONAL NAME | |
| Personal name | Ashfaq Ahmed |
| 245 ## - TITLE STATEMENT | |
| Title | Aik aor dastak : Dramy [Urdu] |
| Statement of responsibility, etc. | Ishfaq Ahmad |
| 260 ## - PUBLICATION, DISTRIBUTION, ETC. | |
| Place of publication, distribution, etc. | Lahore |
| Name of publisher, distributor, etc. | Sange Meel |
| Date of publication, distribution, etc. | 2007 |
| 300 ## - PHYSICAL DESCRIPTION | |
| Extent | 352 p. |
| 740 ## - ADDED ENTRY--UNCONTROLLED RELATED/ANALYTICAL TITLE | |
| Uncontrolled related/analytical title | Aik aur dastak; urdu drama |
| 942 ## - ADDED ENTRY ELEMENTS (KOHA) | |
| Institution code [OBSOLETE] | NUST-CAE |
| Withdrawn status | Lost status | Damaged status | Not for loan | Collection code | Permanent Location | Current Location | Date acquired | Total Checkouts | Barcode | Date last seen | Price effective from | Koha item type |
|---|---|---|---|---|---|---|---|---|---|---|---|---|
| College of Aeronautical Engineering (CAE) | College of Aeronautical Engineering (CAE) | 04/03/2017 | CAE86667 | 04/05/2017 | 04/05/2017 | Book |
